000 00835nam a2200229Ia 4500
003 OSt
005 20251117115419.0
008 220923b |||||||| |||| 00| 0 eng d
020 _a9780986132513
037 _cGeneral Book
040 _aRTL
_cRTL
_beng
041 _2eng
_aeng
084 _aY:3()P111:795, Q5
_qRTL
245 0 _aTranslating worlds: the epistemological space of translation Special issue in ethnographic theory series
_b
260 _aChicago
_bHAU Books
_c2015
300 _aix, 324 p.
_bIncludes bibliographical references and index.
650 _aSociology
_9851573
700 _aHanks, William F.
_9254679
_eEditor
700 _aSeveri, Carlo
_eEditor
_9851574
942 _hY:3(P111:795), Q5
_cGB
_2CC
_n0
999 _c500168
_d500168